Handbook of adhesion technology / (Record no. 600807)
[ view plain ]
| 000 -LEADER | |
|---|---|
| fixed length control field | 00283nam a2200109Ia 4500 |
| 008 - FIXED-LENGTH DATA ELEMENTS--GENERAL INFORMATION | |
| fixed length control field | 230907s9999||||xx |||||||||||||| ||und|| |
| 082 ## - DEWEY DECIMAL CLASSIFICATION NUMBER | |
| Classification number | 668.3 |
| Author Mark | HAN |
| 100 ## - MAIN ENTRY--PERSONAL NAME | |
| Personal name | Da Silva, Lucas F. M. |
| 9 (RLIN) | 116018 |
| 245 #0 - TITLE STATEMENT | |
| Title | Handbook of adhesion technology / |
| 300 ## - PHYSICAL DESCRIPTION | |
| Extent | various pages. |
| 942 ## - ADDED ENTRY ELEMENTS (KOHA) | |
| Koha item type | Book |
| Withdrawn status | Lost status | Damaged status | Not for loan | Permanent Location | Current Location | Date acquired | Total Checkouts | Full call number | Barcode | Date last seen | Price effective from | Koha item type |
|---|---|---|---|---|---|---|---|---|---|---|---|---|
| US-Pakistan Center for Advanced Studies in Energy (USPCAS-E) | US-Pakistan Center for Advanced Studies in Energy (USPCAS-E) | 09/30/2019 | 668.3 HAN | CAS-E0004906 | 09/12/2023 | 09/12/2023 | Book |
